AS-Level Sociology: The Revision Guide. (Record no. 296)

MARC details
005 - DATE AND TIME OF LATEST TRANSACTION
control field 20250619152526.0
020 ## - INTERNATIONAL STANDARD BOOK NUMBER
International Standard Book Number 978-1-84762-138-2
082 ## - DEWEY DECIMAL CLASSIFICATION NUMBER
Classification number 301.076 HAL
100 ## - MAIN ENTRY--PERSONAL NAME
Author name HALLAM, G.
245 ## - TITLE STATEMENT
Title AS-Level Sociology: The Revision Guide.
260 ## - PUBLICATION, DISTRIBUTION, ETC.
Place of publication, distribution, etc. London,
Name of publisher, distributor, etc. Coordination Group Publications Ltd,
Date of publication, distribution, etc. 2004.
300 ## - PHYSICAL DESCRIPTION
Extent 102p.: ill.; picture
Other physical details Glossary & Index
Dimensions 30cm.
700 ## - ADDED ENTRY--PERSONAL NAME
Other authors/Editors HALLAM, G. [...et al...]
856 ## - ELECTRONIC LOCATION AND ACCESS
Link text Access Online book
Electronic name Sciology
Path www.cgpbook.co.uk
942 ## - ADDED ENTRY ELEMENTS (KOHA)
Source of classification or shelving scheme Dewey Decimal Classification
Koha item type Books
Holdings
Date last seen Total checkouts Full call number Barcode Cost, replacement price Price effective from Koha item type Lost status Source of classification or shelving scheme Damaged status Not for loan Withdrawn status Home library Current library Shelving location Date acquired Cost, normal purchase price
03/10/2025   301.076 HAL 0000001080 30000.00 03/10/2025 Books   Dewey Decimal Classification       College of Business Education Main Library College of Business Education Main Library General Collection 03/10/2025 10000.00